000 00524nam a2200193Ia 4500
005 20250326124729.0
008 250326s9999 xx 000 0 und d
037 _aTextbook
040 _aFMSL
_beng
_cFMSL
041 _aeng
_2eng
084 _aX:89A M7;1
_qFMSL
100 _aRiggs J L
_9737875
245 0 _aProduction system: planning analysis and control
_cRiggs J L
250 _a4
260 _aNY
_bNY, John Wiley
_c1987
300 _a745p
942 _cTB
_hX:89A M7;1
999 _c1274956
_d1274956